Harnessing multiplier effect (Record no. 520138)

000 -LEADER
fixed length control field 01156nam a22001457a 4500
008 - FIXED-LENGTH DATA ELEMENTS--GENERAL INFORMATION
fixed length control field 220704b ||||| |||| 00| 0 eng d
100 ## - MAIN ENTRY--PERSONAL NAME
Personal name Yadav, Sajjan Singh
245 ## - TITLE STATEMENT
Title Harnessing multiplier effect
260 ## - PUBLICATION, DISTRIBUTION, ETC. (IMPRINT)
Place of publication, distribution, etc Yojana
300 ## - PHYSICAL DESCRIPTION
Extent 66(3), Mar, 2022: p.25-28
520 ## - SUMMARY, ETC.
Summary, etc In the union budget 2022-23, the finance, minister Nirmala Sitharaman unveiled a trans formative approach to invigorate demand and accelerate economic growth. The approach relies on boosting capital expenditure, both by the public and the private sector. Capital expenditure is non-recurring, long-term expenditure on creation and acquisition of capital assets. Why is capital expenditure so critical? Studies say that capital expenditure has a multiplier effect of 2.45 in the short run and 4.8 in he long term. ‘Simply put, this means that Rs. 1 crpre spend on capital is likely to add Rs. 2.45 crore to the gross domestic product (GDP) in the short term. Cumulative impact of this investment on GDP in the long term is likely to be Rs. 4.8 crore. What is behind this multiplier effect. – Reproduced
773 ## - HOST ITEM ENTRY
Main entry heading Yojana
906 ## - LOCAL DATA ELEMENT F, LDF (RLIN)
Subject DIP BUDGET
942 ## - ADDED ENTRY ELEMENTS (KOHA)
Item type Articles
Holdings
Withdrawn status Lost status Source of classification or shelving scheme Damaged status Not for loan Permanent location Current location Date acquired Serial Enumeration / chronology Barcode Date last seen Koha item type
          Indian Institute of Public Administration Indian Institute of Public Administration 2022-07-04 66(3), Mar, 2022: p.25-28 AR126802 2022-07-04 Articles

Powered by Koha